Регионална библиотека "Любен Каравелов" - Русе

Болница в края на града (Запис номер 183583)

MARC детайли
000 -Лидер
Контролно поле с фиксирана дължина 01159nam a2200289 c 4500
003 - Код на организацията, давaща контролен номер
Контролно поле BLK
005 - Дата и час на последна редакция
Контролно поле 20180422115308.0
008 - Елементи от данни с фиксирана дължина
fixed length control field 180411b bul|||||r ||||||| ||bul||
010 ## - Наследен системен номер
LC control number KNG00192516000
040 ## - Източник на каталожния запис
Идентификатор на билиотеката - собственик на записа BLK
041 ## - Код за език
Код за езика на текст/звукозапис или на отделно заглавие Български
Код за езика КДБФ Български
080 ## - УДК
Текстов определител УДК Литература на Чехословакия
УДК код - определител по УДК 821.162
УДК определител -31
УДК - код + определител 821.162-31
100 1# - Редна дума - Автор
Автор Дитъл, Ярослав
Авторска отговорност първи автор
R(LIN) 63372
139 ## - Редно поле
Редна дума Дитъл, Ярослав
Авторски знак Дир - Д 63
245 10 - Сведения за заглавието
Заглавие Болница в края на града
Подзаглавни данни Телевизионен роман по едноименния сер. филм
Редно поле (дума) Ярослав Дитъл; прев. от чеш. Матилда Бераха.
257 ## - Страна на издаване
Страна на създаване/издаване Чехословакия
260 ## - Област на издателските данни
-- София
Име на издателя, разпространителя и проч. ОФ
Година на издаване 1990
Печатница В. Търново : Д. Найденов
300 ## - Физическа характеристика
Страници 384 с.
Размери/Мащаб 20 см
380 ## - Жанр
Жанр Литературознание
500 ## - Общи забележки
Забележка Ориг. загл. Nemocnice pa krajt mesta / Jaroslav Dietl. - Без тир.
700 1# - Други автори (авторска отговорност)
Лично име Бераха, Матилда
Автороска отговорност (Описва отношението между автора и произведението) прев. от чеш.
9 (RLIN) 382454
852 ## - Местоположение
Форматна сигнатура Цб 163563
856 4# - Електронен адрес и достъп
Електронен формат pdf - файл
Път до файла /url/
856 4# - Електронен адрес и достъп
Електронен формат pdf - файл
Път до файла /url/
942 ## - АРТИКУЛИ
Вид на библиотечния материал Книги
Скрит в OPAC Не
944 ## - СЪЗДАВАНЕ И РЕДАКЦИЯ на ЗАПИСА
Създаване/Редакция Създаване
Дата на регистрацията/редакция 12.10.2016
Служител, извършил регистрацията/редакцията Кети_Илиева
944 ## - СЪЗДАВАНЕ И РЕДАКЦИЯ на ЗАПИСА
Създаване/Редакция Редакция
Дата на регистрацията/редакция 12.10.2016
Служител, извършил регистрацията/редакцията Кети_Илиева
999 ## - СИСТЕМНИ КОНТРОЛНИ НОМЕРА
Koha biblionumber 183583
Koha biblioitemnumber 183583
Наличности
Код за отписване Код за изгубен артикул Източник на класификационната схема Код за повреда Коз за рестрикции Код за отдаване Артикулен № Име на библиотеката - собственик Име на библиотеката, в която се намира в момента Статус (Текущо местоположение) Дата на вписване в системата Местоположение - отдел Цена в лева Инвентарен номер Систематично азбучна сигнатура Баркод Номер на екземпляра Цена в евро Служебна бележка Служебен тип на артикула
  Не е изгубен Universal Decimal Classification Не е повреден без рестрикции ползва се в читалня 316653 Регионална библиотека "Любен Каравелов" Русе Регионална библиотека "Любен Каравелов" Русе Хранилище 1990-01-01 Хранилище 3.25 542313 Цб 163563 120000542313 1 1.66 Вид: Сф Дата: 01.01.1990 Книги
Изтеглен Не е изгубен Universal Decimal Classification Не е повреден без рестрикции заемане за дома 316654 Регионална библиотека "Любен Каравелов" Русе Регионална библиотека "Любен Каравелов" Русе Заемна - подръчен фонд 1990-01-01 Заемна - подръчен фонд 3.25 540286 П 885.0/Д 63 540286 2 1.66 Вид: Сф Дата: 01.01.1990 Книги
Vip Innovations Ltd, Rousse, Bulgaria 2025